Contar y medir : la aritmética del párvulo

Gespeichert in:
Bibliographische Detailangaben
1. Verfasser: Maíllo, Adolfo (1905-1995).
Format: Buch
Sprache:Spanisch
Erschienen: Burgos : Hijos de Santiago Rodríguez, 1954
Katalog:MANES:  Suchergebnis im Bibliothekskatalog
Schulbuchspezifische Eigenschaften:
Tags: Tag hinzufügen
Keine Tags, Fügen Sie den ersten Tag hinzu!
Hinzugefügt zu:09.02.2019
Geändert in:07.05.2025

MARC

LEADER 00000cam a2200000 4500
005 20250507134542.0
008 190210S1954 0espa h 0000 00spa0d
040 |a uned  |b spa  |c entro-manes 
041 0 |a spa 
100 1 |a Maíllo, Adolfo  |d (1905-1995).  |9 37791 
245 1 0 |a Contar y medir :  |b la aritmética del párvulo  |c por Adolfo Maillo ; ilustraciones en colores de Julio Algora 
260 |a Burgos :  |b Hijos de Santiago Rodríguez,  |c 1954 
300 |a 99 p. :  |b il. 
546 |a España 
561 |5 es-BUNED  |3 L.T. 1859  |a España. Fondo Manes UNED  |k MANES 
690 0 |a MATE 
691 0 |a IN 
942 |2 ddc  |c BK 
999 |c 97068  |d 97068 
999 |c manes:97068  |d 97068